Normal view
MARC view
- Ielizariev, Valentin
Entry Nom personal
001 - NÚMERO DE CONTROL
- campo de control: 168382
003 - IDENTIFICADOR DEL NÚMERO DE CONTROL
- campo de control: ES-BaIT
005 - FECHA Y HORA DE LA ÚLTIMA TRANSACCIÓN
- campo de control: 20260209105009.0
008 - DATOS DE LONGITUD FIJA
- campo de control de longitud fija: 260209|| aca||aabn | a|a d
040 ## - FUENTE DE LA CATALOGACIÓN
- Centro catalogador/agencia de origen: ES-BaIT
100 1# - ENCABEZAMIENTO-NOMBRE DE PERSONA
- Nombre de persona: Ielizariev, Valentin
400 1# - TRAZADO DE VÉASE--NOMBRE DE PERSONA
- Nombre de persona: Elizarʹev, Valentin
400 1# - TRAZADO DE VÉASE--NOMBRE DE PERSONA
- Nombre de persona: Ielizariev, Valentin Nikolàievitx
400 1# - TRAZADO DE VÉASE--NOMBRE DE PERSONA
- Nombre de persona: Yelizarev, Valentin
400 1# - TRAZADO DE VÉASE--NOMBRE DE PERSONA
- Nombre de persona: Elizar'eŭ, Vali︠a︡ntsin
400 1# - TRAZADO DE VÉASE--NOMBRE DE PERSONA
- Nombre de persona: Yelizariev, Valentin
670 ## - FUENTE DE DATOS ENCONTRADOS
- Cita de la fuente: National Academic Bolshoi Ballet Theatre, WWW, 09-23-00:
- Información encontrada: (VALENTIN YELIZARIEV: (born 1947). Graduated from Vaganov's choreographic school and balletmaster's faculty at Rimski-Corsakov's conservatoire (in St. Petersburg). In 1973 he was invited to take up the position of Chief Balletmaster of the Belarusian State Academic Bolshoi Opera and Ballet Theatre in Minsk)
670 ## - FUENTE DE DATOS ENCONTRADOS
- Cita de la fuente: LC/NAF, 9 febrer 2026:
- Información encontrada: (enc: Elizarʹev, Valentin)


